000
00310nam a2200133Ia 4500
008
140626s9999 xx 000 0 und d
100
_a
Robb, Drew
245
_a
Let the Games Begin /
_c
Drew Robb.
260
_c
c2012.
300
_a
57 : 9, page 93
440
_a
HR Magazine
521
_a
BSBA
942
_c
SE
999
_c
121485
_d
121485